00277nam a22000977a 4500003000400000082001400004100004100018245005700059260005500116300000800171SGT a070bH99N aनारायण, विनीत  aहवाला के देश द्रोही  bअरुणोदय प्रकाशन c1999 a295